000 00606nam a22001817a 4500
003 OSt
005 20260424030957.0
008 260424b |||||||| |||| 00| 0 eng d
020 _a9789710734160
040 _aDWCL Main Lib.
_cOC
082 _aFil. 500 S416 2014
100 _aRabago, Lilia M.
245 _aScience and technology :
_blaboratory manual and workbook 9 /
_cLilia M. Rabago [and five others]
260 _aPhilippines :
_bVibal Group,
_cc2014.
300 _aiv, 108 pages :
_billustrations ;
_c26 cm.
650 _a1. Science--Study and teaching--Manual, etc.
942 _2ddc
_cBK - FIL
_n0
999 _c9835
_d9835